Statystyki dla Najpopularniejsze nazwiska w Polsce

Kliknij tutaj aby rozwiązać quiz!

Ogólne statystyki

  • Ten quiz został rozwiązany 38 413 razy
    (37 634 od ostatniego zresetowania)
  • Średni wynik to 8 z 50

Statystyki odpowiedzi

L.p.NazwiskoLiczba osób
z tym nazwiskiem
% Poprawnych
2.Kowalska/Kowalski137 981
93%
1.
Nowak203 980
91%
7.Lewandowska/Lewandowski92 903
52%
3.Wiśniewska/Wiśniewski109 896
39%
5.Kowalczyk97 537
34%
8.Zielińska/Zieliński90 658
26%
4.Wójcik99 098
24%
28.Nowakowska/Nowakowski49 311
21%
11.Dąbrowska/Dąbrowski86 980
19%
6.Kamińska/Kamiński94 829
19%
9.Szymańska/Szymański88 381
18%
15.Kwiatkowska/Kwiatkowski66 326
16%
14.Mazur68 119
15%
10.Woźniak87 981
15%
34.Malinowska/Malinowski46 705
14%
17.Krawczyk63 430
13%
16.Wojciechowska/Wojciechowski65 727
13%
13.Jankowska/Jankowski68 629
12%
12.Kozłowska/Kozłowski75 291
12%
23.Król54 465
12%
19.Piotrowska/Piotrowski60 986
12%
31.Adamczyk46 947
11%
45.Baran41 771
11%
18.Kaczmarek61 728
11%
26.Wróbel50 359
11%
20.Grabowska/Grabowski58 100
10%
37.Nowicka/Nowicki45 196
10%
21.Pawłowska/Pawłowski55 321
10%
35.Dudek46 507
9%
36.Górska/Górski45 346
9%
29.Majewska/Majewski49 034
9%
24.Michalska/Michalski54 352
9%
38.Pawlak44 777
9%
22.Zając55 044
9%
27.Jabłońska/Jabłoński50 240
8%
47.Tomaszewska/Tomaszewski40 032
8%
48.Zalewska/Zalewski39 132
8%
32.Jaworska/Jaworski46 903
7%
43.Michalak42 248
7%
30.Olszewska/Olszewski47 934
7%
39.Sikora44 365
7%
33.Stępień46 874
7%
42.Walczak43 561
7%
50.Pietrzak38 721
6%
41.Rutkowska/Rutkowski43 672
6%
44.Szewczyk41 939
6%
25.Wieczorek50 479
6%
40.Witkowska/Witkowski44 215
6%
49.Wróblewska/Wróblewski38 836
6%
46.Ostrowska/Ostrowski41 598
5%

Rozkład punktacji

Percentyl według liczby udzielonych odpowiedzi

Procent ludzi z każdym wynikiem

Twoja historia wyników

Nie rozwiązałeś tego quizu od ostatniego zresetowania